| 000 | 00515nam a22001937a 4500 | ||
|---|---|---|---|
| 003 | OSt | ||
| 005 | 20140428102838.0 | ||
| 008 | 140428b xxu||||| |||| 00| 0 eng d | ||
| 020 | _a0440154766 | ||
| 050 |
_aDA 787 _b.F742 1969 |
||
| 100 | _aFraser, Antonia | ||
| 245 |
_aMary queen of scots / _cAntonia Fraser. |
||
| 260 |
_aNew York : _bDell Publishing Co., Inc, _c1969. |
||
| 300 |
_a710 p. : _c18 cm. |
||
| 500 | _aIncludes index & Bibliography. | ||
| 650 | _aFiction. | ||
| 942 |
_2lcc _cBK |
||
| 999 |
_c115530 _d115530 |
||